000 01153nab a22002177a 4500
999 _c5451
_d5451
003 OSt
005 20251023100900.0
008 190603e xxum|||| |||| 00| 0 spa d
040 _cPJ
100 _96455
_aLinovich, Jonathan
245 1 0 _ajurisprudencia destacada en "Responsabilidad parental" /
_cJonathan Linovich.
260 _cCiudad Autónoma de Buenos Aires :
_aThomson Reuters La Ley,
_b2025.
300 _ap. 52-53
500 _aCita Online: TR LALEY AR/DOC/553/2025.
505 _aSumario: I. Suspensión de la responsabilidad parental.— II. Extinción de la responsabilidad parental.— III. Privación de la responsabilidad parental.— IV. Delegación de responsabilidad parental.— V. Ejercicio de la responsabilidad parental.— VI. Daños y perjuicios.
505 _t¿Te interesa el texto completo? Solicitalo al correo: koha@justierradelfuego.gov.ar
650 0 _91015
_aRESPONSABILIDAD PARENTAL
650 0 _96456
_aEJERCICIO DE LA RESPONSABILIDAD PARENTAL
773 0 _02713
_93170
_dCiudad Autónoma de Buenos Aires : Thomson Reuters La Ley, 2015-
_tRevista Código Civil y Comercial. Nº 2 - Abril 2025
942 _2udc
_cANA